000 00722nam a22002417a 4500
999 _c33480
_d33480
001 2710
003 CO-MdFUSB
005 20170929112914.0
008 170929t1978 enk||||| |||| 00| 0 eng d
020 _a0-85111-823-1
040 _aCO-MdFUSB
_bspa
_cCO-MdFUSB
_dCO-MdFUSBC
_erda
041 0 _aeng
082 0 4 _aG 224.5 B1811d
100 1 _aBaldwin, Joyce G.
_eautor
245 1 0 _aDaniel
_b: An introduction and commentary
_c/ Joyce G. Baldwin
264 4 _aLeicester, England :
_b InterVarsity,
_c©1978
300 _a210 Pag
_b:
_c;
336 _2rdacontent
_atexto
_btxt
337 _2rdamedia
_asin mediación
_bn
338 _2rdacarrier
_avolumen
_bnc
653 _aBiblia A.T. - Daniel - Comentarios
942 _cBK